Chebští rodáci v klášteře premonstrátů Teplá mezi léty 1600-1945

Titel: Chebští rodáci v klášteře premonstrátů Teplá mezi léty 1600-1945
Verfasser:
In: Muzeum Cheb: Sborník Chébskeho Muzea, (1997), Seite 36-42
alle Artikel anzeigen
Veröffentlicht: 1997 [1998]
Format: Aufsatz
Sprache: Tschechisch
Schlagworte:
Kein Bild verfügbar
X
alg: 39311838
001A    $01999:11-11-16 
001B    $03025:27-03-26 $t10:02:42.000 
001C    $06050:19-11-16 $t22:36:46.000 
001D    $01999:11-11-16 
001U    $0utf8 
001X    $00 
002@    $0Aox 
003@    $039311838X 
007A    $039311838X $aHEB 
007T    $0Herdp12839 
010@    $acze 
011@    $a1997 $n1997 [1998] 
021A    $aChebští rodáci v klášteře premonstrátů Teplá mezi léty 1600-1945 
028A    $aHlinomaz $dMilan 
031A    $h36-42 $j1997 
037A    $aněm. res. 42: Die aus Eger Gebürtigen im Prämonstratenserkloster Tepl zwischen den Jahren 1600 und 1945 
039B    $aIn $8--Abvc--Muzeum Cheb [Tb1]. Sborník Chébskeho Muzea. - Cheb : Muzeum, 1993-2006. - ISSN 1211-9210 $x199700000000000964 $9070513341 
044K    $RStift Tepl $#Prämonstratenserkloster Tepl $#Prämonstratenserstift Tepl $#Premonstrátský Klášter Tepl $#Monasterium Teplense Ordinis Praemonstratensis $#Stift Tepl $#Teplá Monastery $#Premonstratensian Abbey Teplá $76024385-5 $8Klášter Premonstrátů$gTepl [Tb1] $910088508X 
045F    $a307.094371 $eDDC23BSB 
045F/01 $a307.09 
045F/03 $g4371 
045T    $a9,10 $a7,41 

lok: 39311838 78

exp: 39311838 78 1 #EPN
201B/01 $026-11-17 $t01:53:46.000 
201U/01 $0utf8 
203@/01 $078922870X 
208@/01 $a11-11-16 $be 
209A/01 $a/ $f000 $x00 
220C/01 $aTitelaufnehmer: rb 
220C/01 $aHerkunft: HÚ AV ČR Praha 
244Z/01 $#Tschechien $#Tschechische Republik $#Tschechien $#Tschechische Republik $#Tschechenland $#Tschechei Tschechien $#Česká Republika $#Czech Republic $#ČR $74303381-7 $8--Tg1--Tschechien $x01 $9086659812 
244Z/01 $2Trx $#Böhmen $#Bohemia $#Czechy $8--Trx--Čechy $x02 $9391188941 
244Z/01 $#Cheb $#Egra $#Egrae $#Egire $#Oegra $#Cheb $#Eger Böhmen $#Egra Böhmen $#Agria Böhmen $#Eger Egerland $74013597-4 $8--Tg1--Eger$gKraj Karlsbad $x03 $9085029971 
244Z/01 $2Trx $#Tepl Karlsbad $#Tepl Stift $#Teplá klášter;Teplá $8--Trx--Teplá$gKarlovy Vary $x04 $9391352202 
244Z/01 $aGeschichte 1600-1945 $x05 
244Z/01 $2Trx $#ordud premonstraatlased $#ordinas norbertinų $#order Premonstratensians $#szerzetesrendek Premontrei szerzetesek $#zakony, norbertanie $#rád, premonštráti $#řád, premonstráti $#Prämonstratenser $#premonstratensi $#norbertanie $#premonštráti $#premonstráti $8--Trx--Orden$gPrämonstratenser $x06 $9391375741 
244Z/01 $2Trx $#munklus $#dvasininkai vienuoliai? $#monks $#szerzetesség $#duchowieństwo zakonne $#duchovenstvo rádov $#duchovenstvo řádové $#Nonnen $#mníšky $#jeptišky $8--Trx--Mönchtum $x07 $9391371770 
244Z/01 $2Trx $8--Trx--Zeitschriftenaufsatz $x08 $9391384341 
245Z/01 $a13.03 $x01 
245Z/01 $a10.02.02.01 $x02 
247C/01 $82080>Marburg/Lahn, Herder-Institut, Forschungsbibliothek, Bibliographieportal $9336309341
LEADER 00000caa a22000002c 4500
001 39311838X
003 DE-603
005 20260327100242.0
007 tu
008 161111s1997 xx |||| | u00||u|cze c
035 |a (DE-599)HEB39311838X 
040 |a DE-603  |b ger  |c DE-603  |d DE-603 
041 |a cze 
082 0 4 |8 1\u  |a 307.094371  |q DE-101  |2 23/BSB 
084 |a 9,10  |a 7,41  |2 ssgn 
085 |8 1\u  |b 307.09 
085 |8 1\u  |z 2  |s 4371 
100 1 |a Hlinomaz, Milan 
245 0 0 |a Chebští rodáci v klášteře premonstrátů Teplá mezi léty 1600-1945 
264 0 |c 1997 [1998] 
500 |a něm. res. 42: Die aus Eger Gebürtigen im Prämonstratenserkloster Tepl zwischen den Jahren 1600 und 1945 
610 1 7 |a Klášter Premonstrátů  |g Tepl  |2 gnd  |0 (DE-588)6024385-5  |0 (DE-603)10088508X 
773 0 8 |i In  |a Muzeum Cheb  |t Sborník Chébskeho Muzea  |d Cheb : Muzeum, 1993-2006  |x 1211-9210  |g (1997), Seite 36-42  |w (DE-603)070513341  |w (DE-600)1353473-7 
924 0 |9 2080  |a (DE-603)78922870X  |b DE-2080  |c HES  |d d  |g /